Languages by Continent - Click Quiz - Statistics

General Stats
  • This quiz has been taken 106 times
  • The average score is 16 of 24
Answer Stats
Hint Answer % Correct
Chinese Asia
89%
German Europe
87%
Italian Europe
87%
Swahili Africa
86%
Japanese Asia
86%
Maori Oceania
86%
Hindi Asia
83%
Fijian Oceania
83%
Bengali Asia
81%
Russian Europe
76%
Oromo Africa
74%
Navajo North America
71%
Hausa Africa
70%
French Europe
69%
Quechua South America
66%
Guarani South America
61%
Malagasy Africa
59%
Portuguese South America
59%
English North America
56%
Hawaiian Oceania
51%
Nahuatl North America
49%
Tok Pisin Oceania
46%
Aymara South America
43%
Spanish North America
14%
No matching quizzes found
Score Distribution
Percent of People with Each Score
Percentile by Number Answered
Your Score History
You have not taken this quiz